Fiakomon - Statistiques

Statistiques générales
  • Ce quiz a été pris 12 fois
  • Le résultat moyen est 58 sur 91
Statistiques - réponses
Par images Réponse % Correct
biscuicui
89%
chatan
89%
chataniste
89%
chatombre
89%
chiencendie
89%
fiaktus
89%
foncedail
89%
gérard
89%
haricolere
89%
keufcake
89%
manchomeur
89%
peacetache
89%
pervers de terre
89%
pytong
89%
radisco
89%
vodkanon
89%
champmignon
78%
cranemone
78%
creveteran
78%
digitaloche
78%
endiva
78%
fourmilord
78%
gendarmure
78%
jyfuret
78%
koalasse
78%
labourdon
78%
medusurpateur
78%
paradindon
78%
pizzamurai
78%
poubelfuego
78%
wasabiche
78%
astrobif
67%
bedognon
67%
carabinouze
67%
cervomie
67%
cervorace
67%
curedangereux
67%
cybernard l'hermite
67%
fourmilady
67%
ginjambedebois
67%
guepée
67%
lousticul
67%
nectarentule
67%
Noctambulbe
67%
paradindonf
67%
paztèque
67%
petartichaud
67%
pimentaliste
67%
porceletoile
67%
sesamour
67%
superlova
67%
barditiste
56%
borgosaurus
56%
buit-oni
56%
colibrubis
56%
cristalouette
56%
crustasergent
56%
homarechal
56%
kamite
56%
lazereagle
56%
lovesensei
56%
macadamiable
56%
manthrax
56%
mimite
56%
moonstera
56%
rakateka
56%
starstag
56%
unithunder
56%
voltetard
56%
assaultrelle
44%
cométhylique
44%
corbiceps
44%
cosmoctopus
44%
crameteore
44%
crapohm
44%
encornebuleuse
44%
fennecromancien
44%
mambabouche
44%
pirradiation
44%
renarcotic
44%
scaraberserk
44%
scribousier
44%
sideralouf
44%
sporigami
44%
stelerodium
44%
stelerot
44%
cigallebarde
33%
gemmelinotte
33%
gravitetras
33%
moozibeline
33%
mystèrmine
33%
Aucun quiz correspondant
Distribution des résultats
% des personnes avec chaque résultat
Percentile par nombre de réponses
Votre historique - résultats
Vous n’avez pas pris ce quiz